|
|
|
|
| LEADER |
00000nab a2200000 a 4500 |
| 001 |
vtls008412546 |
| 003 |
SK-MaSNL |
| 005 |
20260304025152.0 |
| 008 |
140303c2005 xo wrzp 0 0slo |
| 015 |
|
|
|a SNBRB2005/11
|2 snkbucl
|
| 040 |
|
|
|a SNKBUCL
|b slo
|c SNKBUCL
|e AACR2
|
| 041 |
0 |
|
|a slo
|
| 044 |
|
|
|a xo
|c SK
|
| 080 |
|
|
|a 615.2:330.567.4
|x (437.6)
|2 1997
|
| 100 |
1 |
|
|a Žiaková, Magda
|4 aut
|9 839575
|
| 245 |
1 |
0 |
|a Aktualizované ciele a zámery liekovej politiky
|b analýza spotreby medikamentov a nové legislatívne opatrenia z pohľadu Ministerstva zdravotníctva Slovenskej republiky
|c Magda Žiaková
|
| 300 |
|
|
|b Grafy, tab
|
| 650 |
0 |
7 |
|a politika lieková
|2 snkbucl
|9 839584
|
| 650 |
0 |
7 |
|a lieky
|2 snkbucl
|9 2515
|
| 650 |
0 |
7 |
|a spotreba liekov
|2 snkbucl
|9 222769
|
| 773 |
0 |
|
|t Zdravotnícke noviny
|g Roč. X, č. 29 (2005), s. 9
|x 1335-4477
|
| 852 |
|
|
|a SNK
|b KIS3GCP
|
| 958 |
|
|
|a ME
|2 snkbucl
|
| 958 |
|
|
|a SK
|2 snkbucl
|
| 999 |
|
|
|c 2625749
|d 2627679
|